<?xml version="1.0" encoding="UTF-8"?><?xml-stylesheet type="text/xsl" href="static/style.xsl"?><OAI-PMH xmlns="http://www.openarchives.org/OAI/2.0/" xmlns:xsi="http://www.w3.org/2001/XMLSchema-instance" xsi:schemaLocation="http://www.openarchives.org/OAI/2.0/ http://www.openarchives.org/OAI/2.0/OAI-PMH.xsd"><responseDate>2026-04-28T19:48:21Z</responseDate><request verb="GetRecord" identifier="oai:uvadoc.uva.es:10324/41105" metadataPrefix="marc">https://uvadoc.uva.es/oai/request</request><GetRecord><record><header><identifier>oai:uvadoc.uva.es:10324/41105</identifier><datestamp>2021-06-19T09:09:42Z</datestamp><setSpec>com_10324_38</setSpec><setSpec>col_10324_785</setSpec></header><metadata><record xmlns="http://www.loc.gov/MARC21/slim" xmlns:doc="http://www.lyncode.com/xoai" xmlns:xsi="http://www.w3.org/2001/XMLSchema-instance" xmlns:dcterms="http://purl.org/dc/terms/" xsi:schemaLocation="http://www.loc.gov/MARC21/slim http://www.loc.gov/standards/marcxml/schema/MARC21slim.xsd">
<leader>00925njm 22002777a 4500</leader>
<datafield tag="042" ind1=" " ind2=" ">
<subfield code="a">dc</subfield>
</datafield>
<datafield tag="720" ind1=" " ind2=" ">
<subfield code="a">Martínez Álvarez, Elena</subfield>
<subfield code="e">author</subfield>
</datafield>
<datafield tag="260" ind1=" " ind2=" ">
<subfield code="c">2019</subfield>
</datafield>
<datafield tag="520" ind1=" " ind2=" ">
<subfield code="a">El crecimiento expansivo del suelo artificial de la ciudad comprometió la sostenibilidad entre el área urbana y el suelo natural. El objetivo ahora es conservar y proteger las zonas de valor ecológico. Por esto el proyecto se lleva a cabo desde una perspectiva sostenible, vinculando el desarrollo urbano a su genius loci para conectar la ciudad con el campo. &#xd;
El proyecto se entiende como un conjunto de distintos módulos que albergan cada una de las fases de elaboración de los productos de Tierra de Sabor, conectadas por un recorrido expositivo y cronológico. El recorrido comienza en la fase uno de siembra del producto, la segunda en la que se conocen las zonas geográficas de la comunidad donde se pueden dar estos y la tercera en la que pasan por el control calidad. Posteriormente en la siguiente fase se adquiere el producto empaquetado, y tratado y por último, la fase final corresponde a la elaboración del producto para su posterior consumo. Todo el complejo se encuentra integrado en un espacio predominantemente natural, formado por la vegetación preexistente y los cultivos, con el que le proyecto se mimetiza, mediante edificios bajos y con una materialidad natural. Nace de la tierra, como la propia marca de Tierra de Sabor, y es accesible para todos, para poder asi,dar a conocer la necesidad del equilibrio entre la ciudad y el campo. Se trata de un proyecto de tránsito, que une.</subfield>
</datafield>
<datafield tag="024" ind2=" " ind1="8">
<subfield code="a">http://uvadoc.uva.es/handle/10324/41105</subfield>
</datafield>
<datafield ind1=" " ind2=" " tag="653">
<subfield code="a">Productos agrícolas - Comercialización - España - Castilla y León</subfield>
</datafield>
<datafield ind1=" " ind2=" " tag="653">
<subfield code="a">Alimentos - Industria y comercio - España - Castilla y León</subfield>
</datafield>
<datafield tag="245" ind1="0" ind2="0">
<subfield code="a">Sede de “tierra de sabor”. Proyecto de centro de exposición, promoción, desarrollo y venta de productos agroalimentarios vinculados a Castilla y León, en Valladolid.</subfield>
</datafield>
</record></metadata></record></GetRecord></OAI-PMH>